000 01265nji a22003017a 4500
005 20100903161258.0
006 a|||||r|||||00| 0
007 sd ammalaaahaa
008 100830t xxu||||| |||| 00| 0 eng d
028 _aBOE 2542
_bODEON
035 _aGR-02167
040 _aSED
_cSED
100 _917455
_aMangeskar, lata
245 _aHanste Zakham /
_cby Lata Mangeskar; Music by Madan Mohan; Lyric by Kiafi Azmi
_h[sound recording] :
246 _aहँसते ज़ख़्म / लता मंगेशकर द्वारा
260 _aDum Dum, India
_bODEON
300 _a1 sound disc [Gramophone Recording]:
_banalog, 45 rpm
_c7.5 in. (SP)
_fGramophone Record
500 _aBrief Record
500 _aRecord lables : ODEON,Black
505 _aSide 1 आज सोचा तो आंसू भर आये (Aaj socha to ansoo bhar aaye) Side 2 बेताब दिल की तमन्ना यही है (Betab dil ki tamanna yahi hai )
600 _aMangeskar, Lata
_919637
650 _aFilm Music
_zIndia
_91186
_xExcerpts
700 _917416
_aMadan Mohan
700 _917456
_aKaifi Azmi
700 _919696
942 _2ddc
_cGR
999 _c45392
_d45392